000 00505nam a2200157 i 4500
001 102229
003 ES-MaACL
005 20230906183051.0
007 t|
008 051107q1920 sp ||||1| spa d
100 1 _aMenéndez Ormanza, Joaquín.
_980309
245 1 3 _aLa cuestión social en sus relaciones con distintos modernos sistemas de pago de salarios /
_cJoaquín Menéndez Ormanza.
260 _aMadrid :
_bVdª A. Alvarez,
_c[1920?]
300 _a194 p. :
_b23 cm.
852 _aES-MaACL
_jF-4386
999 _c102229
_d102229